000 00402nam a2200145 4500
008 191125s2019||||xo d
100 1 _aRédey Zoltán
_91448
245 1 0 _aKrátka správa o dlhej trase osamelého beo?ca
_bPoézia Ivana Štrpku
250 _a1.vydanie
260 _bModrý Peter
_aLevoca
_c2019
300 _a263s.
020 _a9788089545759
_c7,60
041 1 _aslo
044 _axo
_cSK
999 _c22814
_d22814